Tasarım ve suç : (Record no. 60916)
| 000 -BAŞLIK | |
|---|---|
| Sabit Uzunluktaki Kontrol Alanı | 01723nam a22003857a 4500 |
| 001 - KONTROL NUMARASI | |
| Control Dosyası | 0061115 |
| 003 - KONTROL NUMARASI KİMLİĞİ | |
| Kontrol Alanı | KOHA_MİRAKIL |
| 005 - EN SON İŞLEM TARİHİ ve ZAMANI | |
| Kontrol Alanı | 20260207004325.0 |
| 007 - FİZİKSEL TANIM SABİT ALAN - GENEL BİLGİ | |
| Sabit uzunluklu kontrol alanı | ta |
| 008 - SABİT UZUNLUKTAKİ VERİ ÖGELERİ - GENEL BİLGİ | |
| Sabit Alan | 170912b2015 xx |||gr||||#||||0|tur | |
| 020 ## - ISBN - ULUSLARARASI STANDART KİTAP NUMARASI | |
| Isbn | 9789750502897 |
| 040 ## - KATALOGLAMA KAYNAĞI | |
| Özgün Kataloglama Kurumu | TR-BiSEU |
| Kataloglama Dili | tur |
| Çeviri Kurumu | TR-BiSEU |
| Açıklama Kuralları | rda |
| 041 0# - DİL KODU | |
| Metin ya da ses kaydının dil kodu | tur |
| 050 ## - SINIFLAMA ve YER NUMARASI | |
| Sınıflama Numarası | NA2543 |
| Yer Numarası | .F67 2015 |
| 100 1# - KİŞİ ADI | |
| Yazar Adı (Kişi adı) | Foster, Hal. |
| 240 10 - TEK BİÇİM BAŞLIK | |
| Tekbiçim Başlık | <a href="design and crime (and other diatribes)">design and crime (and other diatribes)</a> |
| Language of a work | Türkçe |
| 245 1# - ESER ADI BİLDİRİMİ | |
| Başlık | Tasarım ve suç : |
| Alt Eseradı vb. | müze mimarlık, tasarım = |
| -- | design and crime (and other diatribes)/ |
| Sorumluluk Bildirimi | Hal Foster ; Hal Foster ; çeviren Elçin Gen. |
| 250 ## - BASIM BİLDİRİMİ | |
| Basım Bildirimi | 4. Baskı |
| 264 #1 - ÜRERİM, YAYIN, DAĞITIM ve TELİF BİLDİRİMİ | |
| Yayın yeri | İstanbul : |
| Yayınlayan | İletişim Yayınları |
| Yayın tarihi | 2015 |
| 300 ## - FİZİKSEL TANIMLAMA | |
| Sayfa, Cilt vb. | 198 sayfa ; |
| Boyutları | 22 cm. |
| 336 ## - İÇERİK TÜRÜ | |
| Content type term | metin |
| Content type code | txt |
| Source | rdacontent |
| 337 ## - MEDYA TÜRÜ | |
| Media type term | aracısız |
| Media type code | n |
| Source | rdamedia |
| 338 ## - TAŞIYICI TÜRÜ | |
| Carrier type term | cilt |
| Carrier type code | nc |
| Source | rdacarrier |
| 490 1# - DİZİ BİLDİRİMİ | |
| Dizi Bildirimi | İletişim yayınları ; |
| Cilt Numarası | 1045. |
| 490 1# - DİZİ BİLDİRİMİ | |
| Dizi Bildirimi | Sanat Hayat dizisi ; |
| Cilt Numarası | 4. |
| 500 ## - GENEL NOT | |
| Genel Not | Dizin var. |
| 505 ## - İÇİNDEKİLER NOTU | |
| İçindekiler Notu | İÇİNDEKİLER |
| 650 #0 - KONU BAŞLIĞI EK GİRİŞ - KONU TERİMİ | |
| Konusal terim veya coğrafi ad | Mimarlık ve toplum--Tarih--20. yüzyıl. |
| 9 (RLIN) | 113195 |
| 650 #0 - KONU BAŞLIĞI EK GİRİŞ - KONU TERİMİ | |
| Konusal terim veya coğrafi ad | Architecture and society--History--20th century. |
| 9 (RLIN) | 113196 |
| 650 #0 - KONU BAŞLIĞI EK GİRİŞ - KONU TERİMİ | |
| Konusal terim veya coğrafi ad | Sanat eleştirisi--Tarih--20. yüzyıl. |
| 9 (RLIN) | 113197 |
| 650 #0 - KONU BAŞLIĞI EK GİRİŞ - KONU TERİMİ | |
| Konusal terim veya coğrafi ad | Art criticism--History--20th century. |
| 9 (RLIN) | 113198 |
| 830 1# - SERİ EK GİRİŞİ - TEKBİÇİM ESER ADI | |
| Tekbiçim Başlık | İletişim yayınları ; |
| Volume number/sequential designation | 1045. |
| 9 (RLIN) | 2528 |
| 830 1# - SERİ EK GİRİŞİ - TEKBİÇİM ESER ADI | |
| Tekbiçim Başlık | Sanat Hayat dizisi ; |
| Volume number/sequential designation | 4. |
| 9 (RLIN) | 92935 |
| 942 ## - EK GİRİŞ ÖGELERİ (KOHA) | |
| Source of classification or shelving scheme | Library of Congress Classification |
| Koha item type | Book |
| 505 ## - İÇİNDEKİLER NOTU | |
| -- | ÖNSÖZ 9 |
| -- | I |
| -- | Mimarlık ve Tasarım13 |
| -- | Düzeyi Şaşmış Kültür 15 |
| -- | Tasarım ve Suç 29 |
| -- | Yapı Ustası 45 |
| -- | Mimarlık ve İmparatorluk 63 |
| -- | II |
| -- | Sanat ve Arşiv87 |
| -- | Modern Sanat Arşivleri 89 |
| -- | Sanat Tarihindeki Çatışkılar 113 |
| -- | Yok Oluşun Eşiğinde Sanat Eleştirmenleri 143 |
| -- | Yanlış Ölüye Cenaze 165 |
| -- | Resimler 193 |
| -- | Dizici 195 |
| Materyal Türü | Kalıcı Konum | Mevcut Konum | Raf Yeri | Sınıflandırma Kaynağı | Edinim Bilgisi | Ana Konular | Alt Konular | Yer Numarası | Demirbaş Numarası | Fatura Tarihi | Geri Çekilme Durumu | Kayıp Durumu | Hasarlı Durumu | Kredi için değil | Kayıt Tarih | Toplam Ödünçverme | Son Görülme Tarihi | Son Kontrol Tarihi |
|---|---|---|---|---|---|---|---|---|---|---|---|---|---|---|---|---|---|---|
| Book | Prof. Dr. Azmi Özcan Kütüphanesi | Prof. Dr. Azmi Özcan Kütüphanesi | Uluğbey Salonu | Library of Congress Classification | Satın | GÜZEL SANATLAR | Mimarlık | NA2543 .F67 2015 | 0061115 | 02/02/2026 | 12/09/2017 | 05/12/2024 | 05/12/2024 |
